000 00469nam a2200157Ia 4500
008 210210b1969 xxu||||| |||| 00| 0 eng d
082 _a828 COLL
100 _a-
245 _aCollected works of Mahatma Gandhi. V1-70.V60 Dec 16 1934-Apr 24 1935.
260 _aNew Delhi.
_bPublication Division Ministry of Information & Broadcasting
_c1969
300 _axxxi,505
440 _a60
650 _aMahatma Gandhi
690 _aEnglish Miscellaneous
906 _aSG00362
999 _c111837
_d111837